000 00322nam a22001337a 4500
008 171016b xxu||||| |||| 00| 0 eng d
020 _a9780072336948
041 _aeng
080 _28TH
_a331.101.262
100 _a52
101 _aBNJ
245 _aAN INTRODUCTION TO HUMAN COMMUNICATION
_cPEARSON,J,C
942 _2udc
_cBK
999 _c34196
_d34196